[Event "Edmonton March Sectionals"]
[Site "Edmonton CAN"]
[Date "2004.03.06"]
[Round "2"]
[White "Stanford, Mike"]
[Black "Hughey, Micah"]
[Result "1/2-1/2"]
[WhiteElo "2176"]
[BlackElo "2091"]
[PlyCount "36"]
[GameId "2160767911183691"]
[EventDate "2004.03.??"]
[EventType "swiss"]
[EventRounds "3"]
[EventCountry "CAN"]
[SourceTitle "EXT 2005"]
[Source "ChessBase"]
[SourceDate "2004.11.15"]
[SourceVersion "1"]
[SourceVersionDate "2004.11.15"]
[SourceQuality "1"]

1. e4 e5 2. f4 d5 3. exd5 exf4 4. Nf3 Nf6 5. Bc4 Nxd5 6. Bxd5 Qxd5 7. Nc3 Qd8 8. d4 Bd6 9. Qe2+ Qe7 10. Qxe7+ Bxe7 11. Bxf4 Na6 12. Nd5 Bd8 13. O-O-O O-O 14. Ne3 Bd7 15. d5 Re8 16. Rhe1 Be7 17. a3 b5 18. Ne5 Bg5 1/2-1/2

[Event "Edmonton March Sectionals"]
[Site "Edmonton CAN"]
[Date "2004.03.06"]
[Round "3"]
[White "Caughlin, Wade"]
[Black "Davies, Bob"]
[Result "0-1"]
[WhiteElo "1592"]
[BlackElo "1671"]
[PlyCount "74"]
[GameId "2160767911183693"]
[EventDate "2004.03.??"]
[EventType "swiss"]
[EventRounds "3"]
[EventCountry "CAN"]
[SourceTitle "EXT 2005"]
[Source "ChessBase"]
[SourceDate "2004.11.15"]
[SourceVersion "1"]
[SourceVersionDate "2004.11.15"]
[SourceQuality "1"]

1. c4 Nf6 2. g3 Nc6 3. Bg2 b6 4. Nc3 Rb8 5. d4 e6 6. e4 Bb7 7. Nge2 Bb4 8. O-O O-O 9. e5 Ne8 10. Ne4 f6 11. f4 Na5 12. a3 Be7 13. Qc2 c5 14. Be3 cxd4 15. Bxd4 Nc6 16. Bc3 fxe5 17. fxe5 Qc7 18. Rxf8+ Kxf8 19. Nd6 Kg8 20. Be4 Nxd6 21. Bxh7+ Kh8 22. exd6 Bxd6 23. Bxg7+ Kxg7 24. Qg6+ Kh8 25. Qh6 Bc5+ 26. Kg2 Bf8 27. Qh4 Qd8 28. Qh5 Ne7+ 29. Kh3 Ng8 30. Rf1 Nh6 31. Rf7 Nxf7 32. Qxf7 Bg7 33. Nf4 Kxh7 34. Nh5 Qf8 35. Nf6+ Kh8 36. Qh5+ Bh6 37. Qg6 Qg7 0-1

[Event "Edmonton March Sectionals"]
[Site "Edmonton CAN"]
[Date "2004.03.06"]
[Round "3"]
[White "Hughey, Micah"]
[Black "Boehmer, Kris"]
[Result "1/2-1/2"]
[WhiteElo "2013"]
[BlackElo "2097"]
[PlyCount "58"]
[GameId "2160767911183694"]
[EventDate "2004.03.??"]
[EventType "swiss"]
[EventRounds "3"]
[EventCountry "CAN"]
[SourceTitle "EXT 2005"]
[Source "ChessBase"]
[SourceDate "2004.11.15"]
[SourceVersion "1"]
[SourceVersionDate "2004.11.15"]
[SourceQuality "1"]

1. e4 c5 2. Nf3 d6 3. d4 cxd4 4. Qxd4 Nc6 5. Bb5 Bd7 6. Bxc6 Bxc6 7. Nc3 Nf6 8. Bg5 e6 9. O-O-O Be7 10. Rhe1 O-O 11. Qd2 Qc7 12. Nd4 Rfd8 13. f3 a6 14. g4 b5 15. h4 b4 16. Nb1 Rab8 17. Bxf6 Bxf6 18. g5 Bxd4 19. Qxd4 Qa5 20. Rg1 Qxa2 21. h5 e5 22. Qd2 Be8 23. h6 a5 24. hxg7 a4 25. Rh1 a3 26. Qh2 Qxb2+ 27. Kd2 Qd4+ 28. Kc1 Qb2+ 29. Kd2 Qd4+ 1/2-1/2

[Event "Edmonton March Sectionals"]
[Site "Edmonton CAN"]
[Date "2004.03.06"]
[Round "3"]
[White "Kazakevich, Alexander"]
[Black "Harrop, Breagan"]
[Result "1-0"]
[WhiteElo "1679"]
[BlackElo "1589"]
[PlyCount "79"]
[GameId "2160767911183695"]
[EventDate "2004.03.??"]
[EventType "swiss"]
[EventRounds "3"]
[EventCountry "CAN"]
[SourceTitle "EXT 2005"]
[Source "ChessBase"]
[SourceDate "2004.11.15"]
[SourceVersion "1"]
[SourceVersionDate "2004.11.15"]
[SourceQuality "1"]

1. e4 Nf6 2. e5 Nd5 3. c4 Nb6 4. d4 d6 5. exd6 cxd6 6. Nf3 Bg4 7. b3 Bxf3 8. Qxf3 Qc7 9. Bd3 Nc6 10. Bb2 O-O-O 11. Qxf7 e5 12. Bf5+ Kb8 13. Qxc7+ Kxc7 14. d5 g6 15. Be4 Ne7 16. Nd2 Bh6 17. c5 Nbxd5 18. cxd6+ Kxd6 19. Nc4+ Ke6 20. Bxe5 Rhf8 21. Bb2 b5 22. Na3 Bd2+ 23. Kxd2 Rxf2+ 24. Kc1 Rc8+ 25. Kb1 Nc3+ 26. Bxc3 Rxc3 27. Nxb5 Re3 28. Bf3 Nf5 29. Rc1 a6 30. Na3 Nd4 31. Nc2 Nxf3 32. gxf3 Ke5 33. Nxe3 Rxf3 34. Nc4+ Kd4 35. Kb2 Rf2+ 36. Rc2 Rf7 37. Rd1+ Kc5 38. Ne5+ Kb4 39. Nxf7 h5 40. Rd5 1-0

[Event "Edmonton March Sectionals"]
[Site "Edmonton CAN"]
[Date "2004.03.06"]
[Round "3"]
[White "Kostadinov, George"]
[Black "Stanford, Mike"]
[Result "1/2-1/2"]
[WhiteElo "2214"]
[BlackElo "2209"]
[PlyCount "85"]
[GameId "2160767911183696"]
[EventDate "2004.03.??"]
[EventType "swiss"]
[EventRounds "3"]
[EventCountry "CAN"]
[SourceTitle "EXT 2005"]
[Source "ChessBase"]
[SourceDate "2004.11.15"]
[SourceVersion "1"]
[SourceVersionDate "2004.11.15"]
[SourceQuality "1"]

1. d4 Nf6 2. Bg5 e6 3. e4 h6 4. Bxf6 Qxf6 5. Nc3 d6 6. Nf3 g6 7. Qd2 Bg7 8. O-O-O O-O 9. e5 Qe7 10. Bd3 Nd7 11. Rde1 b6 12. Be4 d5 13. Nxd5 exd5 14. Bxd5 c6 15. Bxc6 Rb8 16. Bd5 Kh7 17. Bb3 Bb7 18. e6 Nf6 19. exf7 Qd8 20. h4 Bxf3 21. gxf3 Nd5 22. h5 g5 23. Qd3+ Kh8 24. Re8 Nf4 25. Rxf8+ Bxf8 26. Qe4 Qd6 27. c3 Qe7 28. Kb1 Qxe4+ 29. fxe4 Kg7 30. e5 Rd8 31. e6 Kf6 32. Re1 Be7 33. Kc2 Rd6 34. a4 Nxe6 35. a5 Nd8 36. axb6 axb6 37. f8=Q+ Bxf8 38. Re8 Be7 39. Rh8 Kg7 40. Re8 Bf6 41. Rg8+ Kh7 42. Re8 Kg7 43. Rg8+ 1/2-1/2

[Event "Edmonton March Sectionals"]
[Site "Edmonton CAN"]
[Date "2004.03.06"]
[Round "3"]
[White "Li, Zhichao"]
[Black "Huber, Gregory"]
[Result "0-1"]
[WhiteElo "2296"]
[BlackElo "2268"]
[PlyCount "102"]
[GameId "2160767911183697"]
[EventDate "2004.03.??"]
[EventType "swiss"]
[EventRounds "3"]
[EventCountry "CAN"]
[SourceTitle "EXT 2005"]
[Source "ChessBase"]
[SourceDate "2004.11.15"]
[SourceVersion "1"]
[SourceVersionDate "2004.11.15"]
[SourceQuality "1"]

1. c4 c5 2. g3 Nf6 3. Bg2 d5 4. cxd5 Nxd5 5. Nc3 Nc7 6. Nf3 Nc6 7. O-O e5 8. Ne1 Bg4 9. Qa4 Qd7 10. Bxc6 bxc6 11. d3 Be7 12. Ng2 O-O 13. f3 Bh3 14. Be3 Rab8 15. Bf2 Rxb2 16. Rfb1 Rb4 17. Qa5 Rfb8 18. Rxb4 cxb4 19. Na4 Nb5 20. Rc1 Be6 21. Rc2 f6 22. Nc5 Bxc5 23. Bxc5 Nd4 24. Rb2 Rb5 25. Qxa7 Qxa7 26. Bxa7 c5 27. Ne3 Ra5 28. Bb6 Rxa2 29. Rxa2 Bxa2 30. Bxc5 Nxe2+ 31. Kf1 b3 32. Nc4 Nc1 33. Nb2 Bb1 34. Ke1 Nxd3+ 35. Nxd3 Bxd3 36. Ba3 g5 37. Kd2 Bc2 38. Ke3 Kf7 39. Bb2 Ke6 40. Ba1 Kf5 41. h3 Ke6 42. f4 exf4+ 43. gxf4 Kf5 44. fxg5 fxg5 45. Bc3 Be4 46. Kd4 h5 47. Bb2 g4 48. h4 Kf4 49. Kc4 Bc2 50. Bd4 g3 51. Kc3 Kg4 0-1

[Event "Edmonton March Sectionals"]
[Site "Edmonton CAN"]
[Date "2004.03.06"]
[Round "3"]
[White "McDonald, Luke"]
[Black "Culjaga, Marko"]
[Result "0-1"]
[WhiteElo "1075"]
[BlackElo "1075"]
[PlyCount "66"]
[GameId "2160767911183698"]
[EventDate "2004.03.??"]
[EventType "swiss"]
[EventRounds "3"]
[EventCountry "CAN"]
[SourceTitle "EXT 2005"]
[Source "ChessBase"]
[SourceDate "2004.11.15"]
[SourceVersion "1"]
[SourceVersionDate "2004.11.15"]
[SourceQuality "1"]

1. e4 c5 2. Nf3 d6 3. Bc4 e6 4. Nc3 a6 5. d3 Nf6 6. a3 b5 7. Bb3 Bb7 8. Bg5 Be7 9. O-O Nc6 10. h3 O-O 11. Bxf6 Bxf6 12. Kh2 Qc7 13. Kh1 Rac8 14. Rg1 Nd4 15. h4 h5 16. Ng5 g6 17. Qd2 Kg7 18. Qf4 Be5 19. Qe3 c4 20. dxc4 bxc4 21. Ba4 Bc6 22. Qh3 Bxa4 23. Nxa4 Qd7 24. Nb6 Qc7 25. Nxc8 Qxc8 26. c3 Nb5 27. g4 Qc5 28. Raf1 Qc6 29. gxh5 gxh5 30. Nxe6+ Kh6 31. Nxf8 Qxe4+ 32. Qg2 Qxh4+ 33. Qh2 Qxh2# 0-1

[Event "Edmonton March Sectionals"]
[Site "Edmonton CAN"]
[Date "2004.03.06"]
[Round "3"]
[White "Pradzinski, Tim"]
[Black "Veneracion, Paolo"]
[Result "0-1"]
[WhiteElo "1919"]
[BlackElo "2078"]
[PlyCount "81"]
[GameId "2160767911183699"]
[EventDate "2004.03.??"]
[EventType "swiss"]
[EventRounds "3"]
[EventCountry "CAN"]
[SourceTitle "EXT 2005"]
[Source "ChessBase"]
[SourceDate "2004.11.15"]
[SourceVersion "1"]
[SourceVersionDate "2004.11.15"]
[SourceQuality "1"]

1. e4 c5 2. Nf3 d6 3. d4 cxd4 4. Nxd4 Nf6 5. Nc3 Nc6 6. Nf3 a6 7. h3 e6 8. Be3 b5 9. a3 Bb7 10. b4 Qc7 11. Qd2 Rc8 12. Bxb5 axb5 13. Nxb5 Qb8 14. Nc3 Be7 15. O-O O-O 16. Rab1 Rfd8 17. Rfe1 Ne5 18. Bg5 Nc4 19. Qc1 Qa8 20. Rb3 Ne5 21. Nxe5 dxe5 22. f3 Rd7 23. Be3 Rdc7 24. Qb2 Nd7 25. Rd1 f5 26. exf5 exf5 27. Rd2 f4 28. Bf2 e4 29. Nb5 e3 30. Bxe3 fxe3 31. Rxe3 Bg5 32. Qb3+ Kh8 33. Nxc7 Rxc7 34. c4 h6 35. Red3 Bxd2 36. Rxd2 Qe8 37. Kf2 Nf6 38. a4 Rd7 39. Re2 Qg6 40. a5 Nh5 41. Kf1 0-1

[Event "Edmonton March Sectionals"]
[Site "Edmonton CAN"]
[Date "2004.03.06"]
[Round "3"]
[White "Rekhson, Vladislav"]
[Black "Kazmaier, Daniel"]
[Result "1-0"]
[WhiteElo "2020"]
[BlackElo "1971"]
[PlyCount "135"]
[GameId "2160767911183700"]
[EventDate "2004.03.??"]
[EventType "swiss"]
[EventRounds "3"]
[EventCountry "CAN"]
[SourceTitle "EXT 2005"]
[Source "ChessBase"]
[SourceDate "2004.11.15"]
[SourceVersion "1"]
[SourceVersionDate "2004.11.15"]
[SourceQuality "1"]

1. e4 e6 2. d4 d5 3. Nc3 Nf6 4. Bg5 Bb4 5. e5 h6 6. Bd2 Bxc3 7. bxc3 Ne4 8. Qg4 g6 9. Bd3 Nxd2 10. Kxd2 c5 11. Nf3 Qe7 12. Rab1 Nc6 13. Qf4 b6 14. h4 Bb7 15. Bb5 c4 16. a4 O-O-O 17. Bxc6 Bxc6 18. Rb4 Kc7 19. Ra1 Rdg8 20. a5 g5 21. axb6+ axb6 22. hxg5 hxg5 23. Qg4 Rg6 24. Rbb1 Ra8 25. Rxa8 Bxa8 26. Rh1 b5 27. Rb1 Bc6 28. Rb4 Bd7 29. Ke2 Be8 30. Ke1 Qd8 31. Kd2 Kb6 32. Ke2 Qa8 33. Kd2 Qa1 34. Ne1 f5 35. exf6 Rxf6 36. f3 Rf5 37. Qg3 e5 38. Qg4 Bd7 39. Qg3 Be8 40. Qf2 Rf4 41. g3 Rxd4+ 42. cxd4 exd4 43. Rb1 Qxb1 44. Qxd4+ Kb7 45. Qxd5+ Bc6 46. Qxg5 c3+ 47. Ke2 Bxf3+ 48. Kxf3 Qxe1 49. Qxb5+ Ka7 50. Qc5+ Kb7 51. Qf2 Qh1+ 52. Qg2 Qe1 53. g4 Qe7 54. g5 Qg7 55. g6 Kc7 56. Ke3 Kd6 57. Kd3 Ke6 58. Qe4+ Kf6 59. Qd4+ Kxg6 60. Qxg7+ Kxg7 61. Kxc3 Kf6 62. Kd4 Ke6 63. Kc4 Kd6 64. Kb5 Kc7 65. Kc5 Kc8 66. Kc6 Kd8 67. c4 Kc8 68. c5 1-0

[Event "Edmonton March Sectionals"]
[Site "Edmonton CAN"]
[Date "2004.03.06"]
[Round "3"]
[White "Sasata, Robert"]
[Black "Reeve, Jeff"]
[Result "1-0"]
[WhiteElo "2331"]
[BlackElo "2392"]
[PlyCount "95"]
[GameId "2160767911183701"]
[EventDate "2004.03.??"]
[EventType "swiss"]
[EventRounds "3"]
[EventCountry "CAN"]
[SourceTitle "EXT 2005"]
[Source "ChessBase"]
[SourceDate "2004.11.15"]
[SourceVersion "1"]
[SourceVersionDate "2004.11.15"]
[SourceQuality "1"]

1. d4 Nf6 2. c4 c5 3. d5 b5 4. cxb5 a6 5. b6 d6 6. Nc3 g6 7. e4 Bg7 8. Nf3 Nbd7 9. a4 Qxb6 10. a5 Qb4 11. Nd2 O-O 12. Be2 Ne8 13. Ra4 Qb7 14. Ra3 Nc7 15. Nc4 Rb8 16. Na4 f5 17. Bg5 Nf6 18. Bxf6 Bxf6 19. O-O fxe4 20. Nab6 Bd4 21. Bg4 Bf5 22. Ne3 Ne8 23. Bxf5 gxf5 24. Nec4 Nf6 25. Ne3 f4 26. Nf5 Bxb2 27. Rh3 Be5 28. Re1 Kh8 29. Rxe4 e6 30. Rxe5 dxe5 31. dxe6 Rg8 32. f3 Qc6 33. e7 Qe6 34. Qc2 Rbe8 35. Rh6 Rxe7 36. Rxf6 Qxf6 37. Nd5 Qe6 38. Nfxe7 Rb8 39. Qxc5 Qd7 40. Qc3 Qd6 41. g3 fxg3 42. hxg3 Rb1+ 43. Kg2 Qb8 44. Qc6 Qb2+ 45. Kh3 Rh1+ 46. Kg4 h5+ 47. Kf5 Qb1+ 48. Kf6 1-0

[Event "Edmonton March Sectionals"]
[Site "Edmonton CAN"]
[Date "2004.03.06"]
[Round "3"]
[White "Trepanier, Tas"]
[Black "Beingessner, Andrew"]
[Result "1/2-1/2"]
[WhiteElo "1607"]
[BlackElo "1639"]
[PlyCount "114"]
[GameId "2160767911183702"]
[EventDate "2004.03.??"]
[EventType "swiss"]
[EventRounds "3"]
[EventCountry "CAN"]
[SourceTitle "EXT 2005"]
[Source "ChessBase"]
[SourceDate "2004.11.15"]
[SourceVersion "1"]
[SourceVersionDate "2004.11.15"]
[SourceQuality "1"]

1. Nf3 Nf6 2. d4 g6 3. c4 Bg7 4. b3 O-O 5. Bb2 d5 6. e3 Nc6 7. Nbd2 Nb4 8. a3 Nc6 9. Bd3 Re8 10. O-O dxc4 11. Nxc4 a6 12. Qc2 b5 13. Nb6 cxb6 14. Qxc6 Bd7 15. Qc2 Rc8 16. Qd2 Bc6 17. Ne5 Bd5 18. a4 Bxb3 19. axb5 a5 20. Rac1 Bd5 21. f4 Ne4 22. Qd1 f5 23. g4 Bxe5 24. dxe5 e6 25. gxf5 gxf5 26. Rxc8 Qxc8 27. Bxe4 Bxe4 28. Bd4 Qb7 29. Qh5 Re7 30. Kf2 Kf8 31. Rg1 Rg7 32. Qh6 Qc7 33. Qf6+ Rf7 34. Qh6+ Ke7 35. Qh4+ Kd7 36. Qh5 Qc2+ 37. Ke1 Qc1+ 38. Kf2 Qd2+ 39. Qe2 Qxe2+ 40. Kxe2 Kc7 41. Rg8 Re7 42. h4 Bc2 43. Rg1 Bb3 44. Rc1+ Kb7 45. Rc6 a4 46. Rxb6+ Kc8 47. Rc6+ Rc7 48. Rxc7+ Kxc7 49. h5 Bc4+ 50. Kf2 Bxb5 51. h6 Be8 52. Kg3 Bg6 53. Kh4 Kd7 54. Kg5 Ke7 55. Kh4 Be8 56. Kg5 Bc6 57. Kh4 Be4 1/2-1/2

[Event "Edmonton March Sectionals"]
[Site "Edmonton CAN"]
[Date "2004.03.06"]
[Round "3"]
[White "White, Daniel"]
[Black "Baser, Arthur"]
[Result "0-1"]
[WhiteElo "1507"]
[BlackElo "1334"]
[PlyCount "92"]
[GameId "2160767911183703"]
[EventDate "2004.03.??"]
[EventType "swiss"]
[EventRounds "3"]
[EventCountry "CAN"]
[SourceTitle "EXT 2005"]
[Source "ChessBase"]
[SourceDate "2004.11.15"]
[SourceVersion "1"]
[SourceVersionDate "2004.11.15"]
[SourceQuality "1"]

1. Nf3 Nf6 2. g3 Nc6 3. d4 g6 4. Bg2 Bg7 5. O-O O-O 6. Nbd2 d6 7. e3 e5 8. dxe5 dxe5 9. c3 Bg4 10. h3 Bf5 11. Re1 e4 12. Nd4 Ne5 13. Nxf5 gxf5 14. Bf1 Qd5 15. c4 Qc6 16. Qc2 Rad8 17. b3 Nd3 18. Rd1 Nd5 19. Ba3 N5b4 20. Qb1 Bxa1 21. Bxb4 Nxb4 22. Qxa1 Qa6 23. Qe5 Qd6 24. Qxf5 Qg6 25. Qa5 Na6 26. Be2 Rd6 27. Bh5 Qf6 28. Nxe4 Rxd1+ 29. Bxd1 Qa1 30. Kg2 f5 31. Ng5 Qxd1 32. Qe5 Qd7 33. h4 h6 34. Ne6 Re8 35. Qxf5 Qxe6 36. Qb5 Qc6+ 37. Qxc6 bxc6 38. f4 Rxe3 39. Kf2 Re8 40. Kf3 Nc5 41. Kg4 Re3 42. f5 Nd7 43. Kf4 Re1 44. g4 Rf1+ 45. Ke4 Nf6+ 46. Ke5 Nxg4+ 0-1

[Event "Edmonton March Sectionals"]
[Site "Edmonton CAN"]
[Date "2004.03.06"]
[Round "3"]
[White "Yearwood, Roy"]
[Black "Knapper, Brian"]
[Result "1-0"]
[WhiteElo "2052"]
[BlackElo "2058"]
[PlyCount "67"]
[GameId "2160767911183704"]
[EventDate "2004.03.??"]
[EventType "swiss"]
[EventRounds "3"]
[EventCountry "CAN"]
[SourceTitle "EXT 2005"]
[Source "ChessBase"]
[SourceDate "2004.11.15"]
[SourceVersion "1"]
[SourceVersionDate "2004.11.15"]
[SourceQuality "1"]

1. d4 g6 2. e4 Bg7 3. Nc3 c5 4. dxc5 Bxc3+ 5. bxc3 Qa5 6. Bd3 Qxc3+ 7. Bd2 Qxc5 8. Ne2 Nc6 9. O-O d6 10. Rb1 a6 11. a4 Nf6 12. Bh6 Rg8 13. Be3 Qh5 14. f3 g5 15. Ng3 Qh6 16. Qd2 Qg7 17. c4 h5 18. c5 dxc5 19. Bxc5 h4 20. Ne2 Nd7 21. Be3 Nde5 22. Bb6 f6 23. Nc3 e6 24. Be2 Qd7 25. Qe3 Kf7 26. f4 gxf4 27. Qxf4 Qe7 28. Qxh4 Rg7 29. Bh5+ Kg8 30. Qxf6 Qxf6 31. Rxf6 Nd7 32. Rxe6 Nxb6 33. Re8+ Kh7 34. Rxb6 1-0

[Event "Edmonton March Sectionals"]
[Site "Edmonton CAN"]
[Date "2004.03.10"]
[Round "3"]
[White "Haynes, Nicolas"]
[Black "Kazakevich, Anastasia"]
[Result "1/2-1/2"]
[WhiteElo "1968"]
[BlackElo "1862"]
[PlyCount "132"]
[GameId "2160767911183705"]
[EventDate "2004.03.??"]
[EventType "swiss"]
[EventRounds "3"]
[EventCountry "CAN"]
[SourceTitle "EXT 2006"]
[Source "ChessBase"]
[SourceDate "2005.11.24"]
[SourceVersion "1"]
[SourceVersionDate "2005.11.24"]
[SourceQuality "1"]

1. d4 d5 2. c4 c6 3. Nc3 Nf6 4. Nf3 e6 5. e3 Bd6 6. Qc2 O-O 7. g4 Qe7 8. g5 Nfd7 9. Bd2 dxc4 10. Bxc4 e5 11. O-O-O Na6 12. Ne4 exd4 13. Bxa6 bxa6 14. Nxd4 Nc5 15. Nxd6 Qxd6 16. a3 Ne6 17. Nf5 Qc7 18. Bc3 Bb7 19. Nd6 Rad8 20. Nxb7 Qxb7 21. h4 Qb6 22. Qe4 Rfe8 23. Qf5 Rxd1+ 24. Rxd1 Rd8 25. Rxd8+ Qxd8 26. Qe5 Qc7 27. Qxc7 Nxc7 28. Bd4 Kf8 29. Bxa7 Ke7 30. Kd2 Ke6 31. e4 g6 32. Ke3 Nb5 33. Bc5 Nc7 34. f4 Nb5 35. Kf3 Nc7 36. Kg4 Nb5 37. Kf3 Nc7 38. Ke3 Nb5 39. Kd3 Nc7 40. Kc4 Kd7 41. Be3 Ne6 42. Kd3 Nc7 43. Bd4 Nb5 44. Be5 c5 45. Kc4 Kc6 46. Bc3 Nd6+ 47. Kd3 Kb5 48. Ke3 Ka4 49. e5 Nf5+ 50. Ke4 Ne7 51. Be1 Kb3 52. Bf2 Kc4 53. b3+ Kxb3 54. Bxc5 Nf5 55. Kd5 Nxh4 56. e6 fxe6+ 57. Kxe6 Kc4 58. Bd6 Kd4 59. Kf7 Ke4 60. Kg8 Kf5 61. Kxh7 Ke6 62. Be5 Kf7 63. Bc3 Nf5 64. Be1 Nd4 65. Bc3 Nf5 66. a4 Nh4 1/2-1/2

[Event "Edmonton March Sectionals"]
[Site "Edmonton CAN"]
[Date "2004.03.10"]
[Round "3"]
[White "Yamach, Ahmet"]
[Black "Wihnon, Jason"]
[Result "1/2-1/2"]
[WhiteElo "1831"]
[BlackElo "1731"]
[PlyCount "104"]
[GameId "2160767911183706"]
[EventDate "2004.03.??"]
[EventType "swiss"]
[EventRounds "3"]
[EventCountry "CAN"]
[SourceTitle "EXT 2006"]
[Source "ChessBase"]
[SourceDate "2005.11.24"]
[SourceVersion "1"]
[SourceVersionDate "2005.11.24"]
[SourceQuality "1"]

1. Nf3 c5 2. c4 Nc6 3. g3 Nf6 4. Nc3 g6 5. Bg2 Bg7 6. O-O O-O 7. d3 d6 8. Bd2 Bd7 9. Re1 Re8 10. Qc1 Qc8 11. Bh6 Bh3 12. Bxg7 Kxg7 13. Bh1 h6 14. Nd5 Nxd5 15. cxd5 Nb4 16. Nd2 h5 17. a3 Na6 18. Nf3 Rh8 19. Ng5 h4 20. Nxh3 Qxh3 21. Bg2 Qd7 22. Qf4 hxg3 23. fxg3 Nc7 24. Rf1 Raf8 25. Qe4 Rh5 26. Qc4 b5 27. Qc3+ f6 28. e4 Rfh8 29. h4 Re8 30. Rf3 e5 31. dxe6 Qxe6 32. Raf1 Rf8 33. Rf4 Rhh8 34. R1f2 Rf7 35. Bf3 Qe5 36. Bg4 Qxc3 37. bxc3 a5 38. Kg2 d5 39. Rb2 dxe4 40. dxe4 Rd8 41. Be2 c4 42. a4 bxa4 43. Ra2 Ne6 44. Rf1 Nc5 45. Bxc4 Rfd7 46. Bd5 f5 47. c4 Nxe4 48. Rxa4 Nc3 49. Rxa5 Nxd5 50. cxd5 Rxd5 51. Ra7+ R8d7 52. Rxd7+ Rxd7 1/2-1/2

[Event "Edmonton March Sectionals"]
[Site "Edmonton CAN"]
[Date "2004.03.07"]
[Round "4"]
[White "Pradzinski, Tim"]
[Black "Rekhson, Vladislav"]
[Result "0-1"]
[WhiteElo "1919"]
[BlackElo "2020"]
[PlyCount "76"]
[GameId "2160767911183707"]
[EventDate "2004.03.??"]
[EventType "swiss"]
[EventRounds "3"]
[EventCountry "CAN"]
[SourceTitle "EXT 2006"]
[Source "ChessBase"]
[SourceDate "2005.11.24"]
[SourceVersion "1"]
[SourceVersionDate "2005.11.24"]
[SourceQuality "1"]

1. e4 e5 2. f4 d5 3. exd5 e4 4. d4 Qxd5 5. Be3 Nf6 6. h3 Qa5+ 7. c3 Nd5 8. Qd2 Be7 9. Be2 Bh4+ 10. Kf1 O-O 11. Na3 g5 12. g4 gxf4 13. Bxf4 Qb6 14. Bg5 e3 15. Bxe3 f5 16. gxf5 Qxb2 17. Nf3 Qxa1+ 18. Kg2 Qxc3 19. Qxc3 Nxc3 20. Bc4+ Kh8 21. Nxh4 b5 22. Nxb5 Nxb5 23. Bf4 Nd7 24. Bxb5 Bb7+ 25. Kh2 Bxh1 26. Bxd7 Bd5 27. Be5+ Kg8 28. f6 Rad8 29. Nf5 Kf7 30. Bb5 Bxa2 31. Ne7 c5 32. dxc5 Ke6 33. Nc6 Rd2+ 34. Kg3 Bd5 35. Bf4 Bxc6 36. Bxc6 Rd3+ 37. Bf3 Rxf6 38. c6 Rxf3+ 0-1

[Event "Edmonton March Sectionals"]
[Site "Edmonton CAN"]
[Date "2004.03.07"]
[Round "4"]
[White "Sasata, Robert"]
[Black "Gardner, Robert"]
[Result "1-0"]
[WhiteElo "2331"]
[BlackElo "2260"]
[PlyCount "49"]
[GameId "2160767911183708"]
[EventDate "2004.03.??"]
[EventType "swiss"]
[EventRounds "3"]
[EventCountry "CAN"]
[SourceTitle "EXT 2006"]
[Source "ChessBase"]
[SourceDate "2005.11.24"]
[SourceVersion "1"]
[SourceVersionDate "2005.11.24"]
[SourceQuality "1"]

1. d4 f5 2. Nc3 d5 3. e4 dxe4 4. Bf4 e6 5. f3 exf3 6. Nxf3 Bd6 7. Ne5 Nf6 8. Bc4 c6 9. O-O O-O 10. Qd3 Nd5 11. Rae1 b5 12. Bxd5 exd5 13. Ne2 a5 14. Qf3 Qc7 15. Nc1 b4 16. Ncd3 Ba6 17. Nxc6 Qxc6 18. Re6 Rd8 19. Bxd6 Bxd3 20. cxd3 g6 21. Rfe1 Rxd6 22. Re8+ Kf7 23. R1e7+ Kf6 24. Qf4 h6 25. Qxh6 1-0

[Event "Edmonton March Sectionals"]
[Site "Edmonton CAN"]
[Date "2004.03.10"]
[Round "4"]
[White "Pua, Richard"]
[Black "Wihnon, Jason"]
[Result "1/2-1/2"]
[WhiteElo "1795"]
[BlackElo "1731"]
[PlyCount "106"]
[GameId "2160767911183709"]
[EventDate "2004.03.??"]
[EventType "swiss"]
[EventRounds "3"]
[EventCountry "CAN"]
[SourceTitle "EXT 2006"]
[Source "ChessBase"]
[SourceDate "2005.11.24"]
[SourceVersion "1"]
[SourceVersionDate "2005.11.24"]
[SourceQuality "1"]

1. d4 d5 2. c4 dxc4 3. Nf3 Nf6 4. Nc3 a6 5. a4 e6 6. e3 c5 7. Bxc4 Nc6 8. O-O Be7 9. d5 exd5 10. Nxd5 Nxd5 11. Qxd5 Qxd5 12. Bxd5 Nb4 13. Be4 f5 14. Bb1 Bf6 15. e4 O-O 16. e5 Be7 17. Re1 Be6 18. Bg5 Bxg5 19. Nxg5 Bb3 20. Ra3 h6 21. Rxb3 hxg5 22. e6 g6 23. e7 Rfe8 24. Rbe3 Rac8 25. g4 Kg7 26. gxf5 Nd5 27. Re5 Nf6 28. fxg6 Rc7 29. Kg2 Ng8 30. Kg3 Rcxe7 31. Rxe7+ Rxe7 32. Rxe7+ Nxe7 33. Kg4 Kf6 34. Bd3 b5 35. axb5 axb5 36. Kh5 c4 37. Bb1 Ng8 38. h4 gxh4 39. Kxh4 b4 40. Kh5 c3 41. bxc3 bxc3 42. Bc2 Kg7 43. Kg5 Nf6 44. f4 Nd5 45. Bb1 Nf6 46. Kf5 Nd5 47. Ke5 Ne3 48. f5 Ng4+ 49. Ke6 Nf6 50. Bc2 Ng4 51. Ke7 Nf6 52. Bb3 Ne4 53. Ba4 Nf6 1/2-1/2

[Event "Edmonton March Sectionals"]
[Site "Edmonton CAN"]
[Date "2004.03.07"]
[Round "5"]
[White "Gardner, Robert"]
[Black "Reeve, Jeff"]
[Result "1-0"]
[WhiteElo "2260"]
[BlackElo "2392"]
[PlyCount "81"]
[GameId "2160767911183710"]
[EventDate "2004.03.??"]
[EventType "swiss"]
[EventRounds "3"]
[EventCountry "CAN"]
[SourceTitle "EXT 2006"]
[Source "ChessBase"]
[SourceDate "2005.11.24"]
[SourceVersion "1"]
[SourceVersionDate "2005.11.24"]
[SourceQuality "1"]

1. e4 c5 2. Nf3 d6 3. d4 cxd4 4. Nxd4 Nf6 5. Nc3 Nc6 6. Bg5 Bd7 7. Qd2 Rc8 8. f3 Nxd4 9. Qxd4 Qa5 10. Bd2 e5 11. Qf2 Qc5 12. Qxc5 dxc5 13. Bg5 c4 14. Bxf6 gxf6 15. Nd5 Be7 16. O-O-O Bd8 17. b3 b5 18. bxc4 bxc4 19. Ne3 Be6 20. c3 O-O 21. Kc2 Rc5 22. Rb1 Ba5 23. Be2 Kg7 24. Rhd1 Rfc8 25. a4 a6 26. Rb7 R8c7 27. Rxc7 Bxc7 28. Nd5 Bd7 29. Ra1 Bd8 30. Kb2 f5 31. Ne3 fxe4 32. fxe4 Be6 33. Rd1 Rc8 34. Bg4 Rb8+ 35. Kc2 Bxg4 36. Nxg4 Bf6 37. Ne3 Rc8 38. Rd6 Bg5 39. Nf5+ Kf8 40. Rxa6 Rd8 41. Nd6 1-0

[Event "Edmonton March Sectionals"]
[Site "Edmonton CAN"]
[Date "2004.03.10"]
[Round "5"]
[White "Wihnon, Jason"]
[Black "Regimbald, Adrien"]
[Result "1/2-1/2"]
[WhiteElo "1731"]
[BlackElo "1829"]
[PlyCount "56"]
[GameId "2160767911183711"]
[EventDate "2004.03.??"]
[EventType "swiss"]
[EventRounds "3"]
[EventCountry "CAN"]
[SourceTitle "EXT 2006"]
[Source "ChessBase"]
[SourceDate "2005.11.24"]
[SourceVersion "1"]
[SourceVersionDate "2005.11.24"]
[SourceQuality "1"]

1. e4 e6 2. d4 d5 3. exd5 exd5 4. Nf3 Bd6 5. Bd3 Ne7 6. Nc3 c6 7. Qe2 O-O 8. Be3 Bf5 9. O-O-O b5 10. g4 Bxd3 11. Qxd3 Qa5 12. Nd2 Nd7 13. Nb3 Qc7 14. Nc5 Nb6 15. Na6 Qc8 16. Nc5 a5 17. Ne2 Qxg4 18. Rdg1 Qf5 19. Qd2 Nc4 20. Qe1 Nxe3 21. fxe3 Ng6 22. Ng3 Qc8 23. h4 Re8 24. h5 Nf8 25. Qf2 Bxc5 26. Nf5 Ne6 27. Nh6+ Kh8 28. Nxf7+ Kg8 1/2-1/2